| 000 | 00362nam a2200121Ia 4500 | ||
|---|---|---|---|
| 008 | 180219s9999 xx 000 0 und d | ||
| 020 | _a9780702044953 | ||
| 100 | _aHutton, Andrew R. | ||
| 245 | 3 | _aAn introduction to medical terminology for health care a self-teaching package / | |
| 250 | _a5th ed | ||
| 260 |
_aUSA : _bElsevier _c2017 |
||
| 300 | _avi, 411 pages | ||
| 999 |
_c356021 _d356021 |
||